Home Print Resources E-Books E-Journals IIMT Lecture Series Library Membership Form Book Recommendation Form Campus Tour Take AdmissionAbout Us Contact Us

SPORTS NUTRATION AND WEIGHT MANAGEMENT (Record no. 43789)

000 -LEADER
fixed length control field nam a22 7a 4500
003 - CONTROL NUMBER IDENTIFIER
control field OSt
005 - DATE AND TIME OF LATEST TRANSACTION
control field 20180220163215.0
008 - FIXED-LENGTH DATA ELEMENTS--GENERAL INFORMATION
fixed length control field 180220b xxu||||| |||| 00| 0 eng d
040 ## - CATALOGING SOURCE
Transcribing agency SERO SOFT
100 ## - MAIN ENTRY--PERSONAL NAME
Personal name SATYANARAYANA,PRO.V
245 ## - TITLE STATEMENT
Title SPORTS NUTRATION AND WEIGHT MANAGEMENT
260 ## - PUBLICATION, DISTRIBUTION, ETC.
Place of publication, distribution, etc. NEW DELHI
Name of publisher, distributor, etc. SPORTS PUBLICATION
300 ## - PHYSICAL DESCRIPTION
Extent 331
942 ## - ADDED ENTRY ELEMENTS (KOHA)
Source of classification or shelving scheme
Koha item type Text-Book- for 7 days
Holdings
Withdrawn status Lost status Source of classification or shelving scheme Damaged status Not for loan Home library Current library Date acquired Source of acquisition Cost, normal purchase price Inventory number Total Checkouts Total Renewals Barcode Date last seen Date last checked out Price effective from Koha item type
          IIMT University College of Education-B.P.Ed IIMT University College of Education-B.P.Ed 02/20/2018 Bansal Book GZB 300.00 6128 13/02/18 5 6 17-B-3200 03/22/2021 02/16/2021 02/20/2018 Text-Book- for 7 days
          IIMT University College of Education-B.P.Ed IIMT University College of Education-B.P.Ed 02/20/2018 Bansal Book GZB 300.00 6128 13/02/18 6 1 17-B-3201 08/19/2025 11/18/2024 02/20/2018 Text-Book- for 7 days
          IIMT University College of Education-B.P.Ed IIMT University College of Education-B.P.Ed 02/20/2018 Bansal Book GZB 300.00 6128 13/02/18 5   17-B-3202 07/10/2025 06/04/2025 02/20/2018 Text-Book- for 7 days
          IIMT University College of Education-B.P.Ed IIMT University College of Education-B.P.Ed 02/20/2018 Bansal Book GZB 300.00 6128 13/02/18 7 2 17-B-3203 12/23/2021 12/06/2021 02/20/2018 Text-Book- for 7 days
          IIMT University College of Education-B.P.Ed IIMT University College of Education-B.P.Ed 02/20/2018 Bansal Book GZB 300.00 6128 13/02/18 9   17-B-3204 05/31/2024 05/25/2024 02/20/2018 Text-Book- for 7 days
IIMT, Central Library. All Rights Reserved IIMT,UNIVERSITY © 2023
Implemented and Customised by I CLOUDE EMS
You Are OPAC Visitor No
free web counter

Powered by Koha